00839cam a22002897a 4500003000500000005001700005008004100022010001000063011001000073020001500083035001100098040000900109082002100118110000800139245012600147260002400273300001000297410000800307490004000315650004000355650002000395700002400415700003100439700003100470810000800501830004000509CHAP20220817044016.0050401d2004 it rn 00110 eng d a89954 a90926 a925105116X a101483 cCHAP04a639.2bF3y v.4512 aFAO10aSurveillance and zoning for aquatic animal diseasesc/ed. by Rohana P. Subasinghe, Sharon E. McGladdery and Barry J. Hill aRome :bFAO,c2004. a73 p.20aFAO 0aDocumento técnico de pescav; 45114aAnimales acuáticosxEnfermedades.14aSanidad animal.0 aHill, Barry J.eed.0 aMcGladdery, Sharon E.eed.0 aSubasinghe, Rohana P.eed.0 aFAO00aDocumento técnico de pescav; 451